[Event "Mondiale Lampo FIDE 2019"]
[Site "Mosca"]
[Date "30.12.2019"]
[Round "14.38"]
[White "Smirin, Ilia"]
[Black "Sanal, Vahap"]
[Result "0-1"]
[WhiteTitle "GM"]
[BlackTitle "GM"]
[WhiteElo "2607"]
[BlackElo "2549"]
[WhiteFideId "2801990"]
[BlackFideId "6300545"]
[EventDate "2019.12.29"]

1. e4 Nc6 2. Nf3 d6 3. d4 Nf6 4. d5 Nb8 5. Nc3 g6 6. Be2 Bg7 7. O-O O-O 8. Re1
c6 9. h3 Nbd7 10. Bg5 Qb6 11. Rb1 Re8 12. Bf1 Qc7 13. Qd2 a6 14. a4 a5 15. Nd4
Nc5 16. dxc6 bxc6 17. Nxc6 Bb7 18. Bxf6 Bxf6 19. Nd4 Bg7 20. Bb5 Rec8 21. Rbd1
Rab8 22. Qe3 Nd7 23. Rd2 Ne5 24. Qe2 Qc5 25. Red1 Ba8 26. Nb3 Qa7 27. Nd5 Bh6
28. Rd4 Bg7 29. Qd2 Nc6 30. Rc4 h5 31. Bxc6 Bxc6 32. Nxa5 Be8 33. Rxc8 Rxc8 34.
b3 e6 35. Nc4 exd5 36. Nxd6 Rd8 37. Nxe8 Rxe8 38. exd5 Rd8 39. a5 Qa6 40. b4 Qc4
41. d6 Rd7 42. Qd5 Qxb4 43. Qc6 Rd8 44. a6 Bd4 45. c3 Qxc3 46. Qc7 Bf6 47. a7
Rf8 48. Qxc3 Bxc3 49. d7 Rd8 50. Rb1 Be5 51. Kf1 Kf8 52. Rb8 0-1

[Event "Mondiale Lampo FIDE 2019"]
[Site "Mosca"]
[Date "30.12.2019"]
[Round "14.39"]
[White "Castellanos Rodriguez, Renier"]
[Black "Chigaev, Maksim"]
[Result "1-0"]
[WhiteTitle "IM"]
[BlackTitle "GM"]
[WhiteElo "2474"]
[BlackElo "2631"]
[WhiteFideId "3404650"]
[BlackFideId "4108116"]
[EventDate "2019.12.29"]

1. e4 g6 2. d4 Bg7 3. Nf3 d6 4. c3 e6 5. Bd3 Nd7 6. Nbd2 a6 7. Nf1 b6 8. Ng3 Bb7
9. O-O Ne7 10. Re1 h6 11. Bf4 O-O 12. h4 Nf6 13. Qd2 Kh7 14. h5 Nxh5 15. Nxh5
gxh5 16. e5+ Ng6 17. Qe3 h4 18. Rad1 Rg8 19. g3 Bxf3 20. Qxf3 Kh8 21. Bxg6 fxg6
22. exd6 cxd6 23. Rxe6 g5 24. Bxd6 hxg3 25. fxg3 Qd7 26. Qf5 Qa4 27. Rde1 Raf8
28. Bxf8 Rxf8 29. Qe4 Qxa2 30. Rxb6 Qf7 31. Qe2 Qc7 32. Re6 Qxg3+ 33. Qg2 Qc7
34. Re8 Qf7 35. Rxf8+ Bxf8 36. Qe4 Kg7 37. Qe5+ Kh7 38. Qe6 Qh5 39. Rf1 Bg7 40.
Qf5+ Kg8 41. Qd5+ Kh8 42. Qa8+ 1-0

[Event "Mondiale Lampo FIDE 2019"]
[Site "Mosca"]
[Date "30.12.2019"]
[Round "14.40"]
[White "Grachev, Boris"]
[Black "Kazhgaleyev, Murtas"]
[Result "1-0"]
[WhiteTitle "GM"]
[BlackTitle "GM"]
[WhiteElo "2614"]
[BlackElo "2569"]
[WhiteFideId "4129199"]
[BlackFideId "13700316"]
[EventDate "2019.12.29"]

1. Nf3 g6 2. c4 Bg7 3. g3 e5 4. d3 d6 5. Bg2 f5 6. Nc3 h6 7. O-O Nf6 8. Rb1 O-O
9. b4 Nc6 10. b5 Ne7 11. c5 Be6 12. Ba3 Rc8 13. Qd2 g5 14. Rfc1 b6 15. cxd6 cxd6
16. Ne1 Qd7 17. Nc2 f4 18. Nb4 Bh3 19. Ne4 Bxg2 20. Kxg2 g4 21. Nc6 Nxc6 22.
bxc6 Rxc6 23. f3 fxg3 24. hxg3 Rfc8 25. Rxc6 Rxc6 26. Nxf6+ Bxf6 27. Qxh6 Bg7
28. Qh5 Rc2 29. Rb2 gxf3+ 30. Qxf3 Rxb2 31. Bxb2 e4 32. dxe4 Bxb2 33. Qb3+ d5
34. Qxb2 dxe4 35. Qe5 e3 36. Qg5+ Kh7 37. Qh5+ Kg8 38. Qg5+ Kh7 39. Qh5+ Kg8 40.
Qf3 Qe7 41. a4 Kg7 42. Qg4+ Kh7 43. Kf3 a5 44. Qe4+ Qxe4+ 45. Kxe4 Kg6 46. Kxe3
Kf5 47. Kd4 Kg4 48. e4 Kg5 49. Kc4 1-0

[Event "Mondiale Lampo FIDE 2019"]
[Site "Mosca"]
[Date "30.12.2019"]
[Round "14.41"]
[White "Adhiban, Baskaran"]
[Black "Drygalov, Sergey"]
[Result "1-0"]
[WhiteTitle "GM"]
[BlackTitle "IM"]
[WhiteElo "2654"]
[BlackElo "2473"]
[WhiteFideId "5018471"]
[BlackFideId "24171743"]
[EventDate "2019.12.29"]

1. d4 Nf6 2. c4 e6 3. Nc3 Bb4 4. e3 O-O 5. a3 Bxc3+ 6. bxc3 b6 7. Bd3 c5 8. e4
Nc6 9. e5 Ne8 10. Nf3 f5 11. d5 Na5 12. Bg5 Qc7 13. d6 Qc6 14. Be7 Rf7 15. Rg1
h6 16. g4 Ba6 17. Nd2 Qc8 18. gxf5 exf5 19. Qh5 Nc6 20. O-O-O Nxe5 21. Bxf5 Nf6
22. Qxh6 Nfg4 23. Rxg4 1-0

[Event "Mondiale Lampo FIDE 2019"]
[Site "Mosca"]
[Date "30.12.2019"]
[Round "14.42"]
[White "Zvjaginsev, Vadim"]
[Black "Antipov, Mikhail Al."]
[Result "1-0"]
[WhiteTitle "GM"]
[BlackTitle "GM"]
[WhiteElo "2627"]
[BlackElo "2549"]
[WhiteFideId "4113403"]
[BlackFideId "4107012"]
[EventDate "2019.12.29"]

1. e4 e5 2. Nf3 Nc6 3. g3 Nf6 4. d3 g6 5. Bg2 Bg7 6. O-O O-O 7. c3 d5 8. Qc2 h6
9. a4 a5 10. Na3 Re8 11. Nb5 Nb8 12. exd5 Nxd5 13. Re1 c6 14. Na3 Bf5 15. Nc4
Qc7 16. b3 Nb6 17. Nfd2 Rd8 18. Ne4 Nxc4 19. bxc4 Nd7 20. Be3 Nf6 21. Rab1 Bxe4
22. Bxe4 Qd7 23. Rb2 Nxe4 24. dxe4 Qd3 25. Qxd3 Rxd3 26. Rc1 Rb8 27. Ba7 Rbd8
28. Rxb7 Rd1+ 29. Rxd1 Rxd1+ 30. Kg2 Ra1 31. Rc7 Rxa4 32. Rxc6 Ra3 33. Rc8+ Kh7
34. c5 Rxc3 35. c6 Bf6 36. Bb6 Be7 37. Bxa5 Rc5 38. Bb4 Rxc6 39. Rxc6 Bxb4 40.
g4 Kg7 41. Kf1 Be7 42. Ke2 Bh4 43. f3 Bg5 44. Kd3 Kf8 45. Kc4 Ke7 46. Kd5 Bf4
47. h3 Bg3 48. Ra6 Bf4 49. h4 h5 50. gxh5 gxh5 51. Ra2 Bg3 52. Rg2 Bxh4 53. Kxe5
Be1 54. Kf5 h4 55. f4 Bg3 56. e5 Be1 57. Rc2 Bg3 58. Kg4 Be1 59. Rc6 Kd7 60. Rh6
Ke7 61. Kf3 Kd7 62. Ke4 Ke7 63. f5 Bg3 64. Kd5 Kf8 65. f6 Kg8 66. e6 fxe6+ 67.
Kxe6 Be1 68. Ke7 Bb4+ 69. Ke8 1-0

[Event "Mondiale Lampo FIDE 2019"]
[Site "Mosca"]
[Date "30.12.2019"]
[Round "14.43"]
[White "Inarkiev, Ernesto"]
[Black "Petrov, Nikita"]
[Result "1-0"]
[WhiteTitle "GM"]
[BlackTitle "GM"]
[WhiteElo "2663"]
[BlackElo "2585"]
[WhiteFideId "4162722"]
[BlackFideId "4101286"]
[EventDate "2019.12.29"]

1. d4 Nf6 2. Nf3 d5 3. Bf4 c5 4. e3 Nc6 5. Nbd2 e6 6. c3 Bd6 7. Bg3 O-O 8. Bd3
b6 9. Qe2 Bb7 10. e4 Be7 11. e5 Nh5 12. Ng5 Bxg5 13. Qxh5 g6 14. Qe2 cxd4 15. h4
Bh6 16. h5 g5 17. Nf3 dxc3 18. bxc3 f5 19. exf6 Qxf6 20. O-O Bg7 21. Rfe1 Rfe8
22. Bb5 h6 23. Bxc6 Bxc6 24. Be5 Qf7 25. Bxg7 Qxg7 26. Ne5 Rac8 27. Qe3 Rf8 28.
Rad1 Be8 29. Qh3 Rf5 30. Qe3 Bxh5 31. Rd4 Bf7 32. c4 dxc4 33. Nxc4 e5 34. Qd3
exd4 35. Nd6 Rfc5 36. Re7 Rc1+ 37. Kh2 Qf6 38. Rxf7 Qe5+ 39. g3 Rh1+ 1-0

[Event "Mondiale Lampo FIDE 2019"]
[Site "Mosca"]
[Date "30.12.2019"]
[Round "14.44"]
[White "Gajewski, Grzegorz"]
[Black "Perunovic, Milos"]
[Result "1/2-1/2"]
[WhiteTitle "GM"]
[BlackTitle "GM"]
[WhiteElo "2626"]
[BlackElo "2589"]
[WhiteFideId "1116207"]
[BlackFideId "921629"]
[EventDate "2019.12.29"]

1. d4 Nf6 2. Nf3 e6 3. Bf4 c5 4. e3 cxd4 5. exd4 b6 6. Nbd2 Be7 7. Bd3 Ba6 8. c4
O-O 9. O-O d5 10. b3 Nc6 11. Be3 Rc8 12. Re1 Re8 13. h3 Bf8 14. Rc1 Ba3 15. Rb1
Bf8 16. Bf1 g6 17. Rc1 dxc4 18. bxc4 Bg7 19. Qa4 Na5 20. Nb3 Bb7 21. Ne5 Nc6 22.
Red1 a5 23. Qa3 Nb4 24. Qb2 Nd7 25. f4 Nxe5 26. fxe5 b5 27. Nc5 Ba8 28. a3 Nc6
29. cxb5 Ne7 30. a4 Nd5 31. Bf2 Bh6 32. Rb1 Nf4 33. Qb3 Qg5 34. Qg3 Qf5 35. b6
Bd5 36. b7 Rb8 37. Nd7 Bxg2 38. Nf6+ Kf8 39. Nxe8 Bxf1 40. Kxf1 Kxe8 41. Qf3 Kf8
42. Be3 Kg7 43. Bxf4 Bxf4 44. Rb2 g5 45. Re1 h6 46. Kg2 Qg6 47. Qe4 Qh5 48. d5
exd5 49. Qxd5 Qh4 50. Rh1 Qg3+ 51. Kf1 Bxe5 52. Rg2 Qe3 53. Re2 Qf4+ 54. Rf2
Qc1+ 55. Kg2 Qc7 56. Rxf7+ Qxf7 57. Qxe5+ Kh7 58. Qxb8 Qd5+ 59. Kf2 Qd2+ 60. Kf3
Qd3+ 61. Kf2 Qd2+ 62. Kg3 Qe3+ 63. Kg2 Qe2+ 64. Kg3 Qe3+ 65. Kg4 Qe4+ 66. Kg3
Qe3+ 67. Kg2 Qe2+ 1/2-1/2

[Event "Mondiale Lampo FIDE 2019"]
[Site "Mosca"]
[Date "30.12.2019"]
[Round "14.45"]
[White "Bluebaum, Matthias"]
[Black "Yilmaz, Mustafa"]
[Result "1-0"]
[WhiteTitle "GM"]
[BlackTitle "GM"]
[WhiteElo "2644"]
[BlackElo "2604"]
[WhiteFideId "24651516"]
[BlackFideId "6302718"]
[EventDate "2019.12.29"]

1. d4 Nf6 2. c4 e6 3. Nc3 d5 4. cxd5 exd5 5. Bg5 c6 6. e3 Be7 7. Bd3 Nbd7 8. h3
g6 9. Bf4 Nh5 10. Bh2 Nb6 11. Nge2 Ng7 12. Be5 f6 13. Bh2 Bf5 14. g4 Bxd3 15.
Qxd3 Bd6 16. Bg3 Qd7 17. O-O-O O-O-O 18. Kb1 Kb8 19. Rc1 g5 20. Bxd6+ Qxd6 21.
h4 h6 22. Ng3 Qe6 23. hxg5 hxg5 24. Rh7 Rxh7 25. Qxh7 Ne8 26. Qf5 Qxf5+ 27. Nxf5
Nc4 28. Rh1 Ned6 29. Nxd6 Nxd6 30. Rh6 Rf8 31. Kc2 Kc7 32. Kd3 f5 33. Rh7+ Kc8
34. gxf5 Rxf5 35. Ke2 Rf7 36. Rh8+ Kc7 37. Rg8 Rf5 38. Rg7+ Nf7 39. f3 Kd7 40.
Na4 b6 41. b3 Ke7 42. Nb2 Kf6 43. Rg8 c5 44. dxc5 bxc5 45. Rc8 d4 46. e4 Rf4 47.
Rxc5 Rh4 48. Nc4 Rh2+ 49. Kd3 Rxa2 50. Kxd4 Nd8 51. Rf5+ Kg6 52. Ne5+ Kh5 53.
Ke3 Ra3 54. Rf8 Rxb3+ 55. Kf2 g4 56. Rxd8 gxf3 57. Nxf3 Kg4 58. Rf8 a5 59. Ne5+
Kg5 60. Rf5+ Kh4 61. Ng6+ Kg4 62. Rxa5 Rb6 63. Ne7 Re6 64. Nd5 Kh4 65. Ke3 1-0

[Event "Mondiale Lampo FIDE 2019"]
[Site "Mosca"]
[Date "30.12.2019"]
[Round "14.46"]
[White "Bartel, Mateusz"]
[Black "Esipenko, Andrey"]
[Result "0-1"]
[WhiteTitle "GM"]
[BlackTitle "GM"]
[WhiteElo "2634"]
[BlackElo "2642"]
[WhiteFideId "1112635"]
[BlackFideId "24175439"]
[EventDate "2019.12.29"]

1. g3 d5 2. Bg2 e5 3. d3 Nf6 4. Nf3 Nbd7 5. O-O Bc5 6. a3 a5 7. Nc3 c6 8. e4
dxe4 9. dxe4 O-O 10. Nh4 g6 11. Bh6 Re8 12. Qf3 Bf8 13. Be3 Qe7 14. h3 Bg7 15.
Rfd1 Nc5 16. Bf1 b5 17. Bg2 Rb8 18. Qe2 Be6 19. b3 h6 20. Qe1 b4 21. axb4 axb4
22. Na4 Ncxe4 23. Nf3 Nd5 24. Bxh6 Bxh6 25. Qxe4 Bg7 26. h4 f5 27. Qe2 e4 28.
Ng5 Bxa1 29. Rxa1 Bd7 30. Re1 Kg7 31. Nb2 Qf6 32. Nc4 Ra8 33. Qd2 Re7 34. Rd1
Qc3 35. Qxc3+ bxc3 36. Bf1 Ra2 37. Rc1 e3 38. fxe3 Nxe3 39. Nxe3 Rxe3 40. Kf2
Re7 41. Bd3 c5 42. Nh3 Bc6 43. Nf4 Be4 44. Bxe4 Rxe4 45. Ne2 Ra8 46. Nxc3 Rd4
47. Ne2 Rd6 48. Nf4 Kf6 49. c4 Ra2+ 50. Ke3 Rd4 51. Nd3 Re4+ 52. Kf3 Ra5 53. Nf4
Ra3 54. Rc3 Rd4 55. Nd3 Ra5 56. Nf4 Rd8 57. Re3 Ra6 58. Nd5+ Kg7 59. Re7+ Kh6
60. Rc7 Rb8 61. Rxc5 Rxb3+ 62. Kf4 Raa3 63. Rc7 Rf3+ 64. Ke5 Rxg3 65. Nf6 g5 66.
hxg5+ Rxg5 67. Nd5 Ra1 68. Nf4 Ra6 69. c5 Ra4 70. Rc6+ Kh7 71. Kf6 Rg8 72. Rc7+
Kh6 73. Ke5 Re8+ 74. Kxf5 Rf8+ 75. Ke5 Raxf4 76. c6 R8f5+ 77. Ke6 Rf6+ 78. Ke7
Rf7+ 79. Kd8 Rf8+ 80. Ke7 R8f7+ 81. Kd8 Rd4+ 82. Rd7 Rf8+ 83. Kc7 Rc4 84. Rd6+
Kg7 85. Kd7 Rf7+ 86. Kd8 Ra4 87. c7 Ra8+ 88. c8=B Rf8+ 89. Ke7 Raxc8 0-1

[Event "Mondiale Lampo FIDE 2019"]
[Site "Mosca"]
[Date "30.12.2019"]
[Round "14.47"]
[White "Potapov, Pavel"]
[Black "Golubov, Saveliy"]
[Result "0-1"]
[WhiteTitle "GM"]
[BlackTitle "IM"]
[WhiteElo "2482"]
[BlackElo "2469"]
[WhiteFideId "4169786"]
[BlackFideId "24176729"]
[EventDate "2019.12.29"]

1. e4 g6 2. d4 Bg7 3. Bc4 d6 4. Nf3 Nf6 5. Qe2 c6 6. Bb3 O-O 7. O-O e5 8. dxe5
dxe5 9. h3 Qe7 10. c3 Na6 11. Rd1 Nc5 12. Bc2 a5 13. Bg5 h6 14. Bxf6 Bxf6 15.
Nbd2 b5 16. Nf1 Be6 17. Ne3 Bg7 18. Ne1 a4 19. a3 f5 20. exf5 gxf5 21. Nd3 Nxd3
22. Bxd3 e4 23. Bc2 f4 24. Ng4 Bf5 25. Re1 Rae8 26. Rad1 h5 27. Nh2 Qg5 28. Qf1
f3 29. Kh1 Qh4 30. g3 Qf6 31. Qg1 Bxh3 32. Nf1 Bg2+ 33. Kh2 Qf5 0-1

[Event "Mondiale Lampo FIDE 2019"]
[Site "Mosca"]
[Date "30.12.2019"]
[Round "14.48"]
[White "Postny, Evgeny"]
[Black "Ganguly, Surya Shekhar"]
[Result "1-0"]
[WhiteTitle "GM"]
[BlackTitle "GM"]
[WhiteElo "2605"]
[BlackElo "2633"]
[WhiteFideId "2804344"]
[BlackFideId "5002150"]
[EventDate "2019.12.29"]

1. d4 Nf6 2. c4 e6 3. Nf3 d5 4. Nc3 Bb4 5. Bg5 h6 6. Bxf6 Qxf6 7. e3 O-O 8. Rc1
Rd8 9. cxd5 exd5 10. Be2 c6 11. O-O Bd6 12. e4 dxe4 13. Nxe4 Qf4 14. Nxd6 Qxd6
15. Re1 Be6 16. Bd3 Nd7 17. Bb1 Nf6 18. h3 Rac8 19. Qc2 b6 20. Rcd1 Bd5 21. Nh4
Qf4 22. Nf5 Kh8 23. Ne7 Re8 24. Nxc8 Rxc8 25. Qf5 Qd6 26. Qxc8+ 1-0

[Event "Mondiale Lampo FIDE 2019"]
[Site "Mosca"]
[Date "30.12.2019"]
[Round "14.49"]
[White "Meier, Georg"]
[Black "Reshetnikov, Alexey"]
[Result "1-0"]
[WhiteTitle "GM"]
[BlackTitle "IM"]
[WhiteElo "2626"]
[BlackElo "2492"]
[WhiteFideId "4675789"]
[BlackFideId "4162080"]
[EventDate "2019.12.29"]

1. Nf3 d5 2. g3 Nf6 3. Bg2 c6 4. O-O Bf5 5. c4 e6 6. cxd5 exd5 7. d3 Be7 8. Nc3
Nbd7 9. e4 dxe4 10. dxe4 Nxe4 11. Nd4 Nxc3 12. bxc3 Bg6 13. h4 h6 14. Re1 O-O
15. Bxc6 Nc5 16. Bxb7 Nxb7 17. Nc6 Qxd1 18. Nxe7+ Kh7 19. Rxd1 Bh5 20. Rd4 Rfe8
21. Ba3 f6 22. Rb1 Nd8 23. Re1 Nc6 24. Rf4 Nxe7 25. Rxe7 Rxe7 26. Bxe7 Re8 27.
Bc5 a6 28. Be3 Bf7 29. Ra4 Re6 30. c4 Re4 31. Rxa6 Rxc4 32. Ra5 Rc2 33. a3 h5
34. Kg2 Kg6 35. Kf3 Ra2 36. Bd4 Be8 37. Ra7 Bc6+ 38. Ke3 Bd5 39. Bc5 Bc6 40. Bf8
Bb5 41. Rxg7+ Kf5 42. Rb7 Re2+ 43. Kf3 Bc6+ 44. Kxe2 Bxb7 45. a4 Ke4 46. a5 f5
47. f3+ Kd4 48. Bg7+ Kd5 49. Ke3 Ke6 50. Kf4 Kf7 51. Bd4 Ke6 52. Bf2 Kf6 53.
Bd4+ Ke6 54. Bc3 Kf7 55. Kxf5 Bxf3 56. Kg5 Kg8 57. a6 Kf7 58. a7 Ke6 59. Bd4 Kf7
60. Be5 Ke6 61. Kf4 Bb7 62. g4 hxg4 63. h5 g3 64. h6 Kd5 65. Kxg3 Kxe5 66. h7 1-0

[Event "Mondiale Lampo FIDE 2019"]
[Site "Mosca"]
[Date "30.12.2019"]
[Round "14.50"]
[White "Timofeev, Artyom"]
[Black "Melkumyan, Hrant"]
[Result "1/2-1/2"]
[WhiteTitle "GM"]
[BlackTitle "GM"]
[WhiteElo "2588"]
[BlackElo "2668"]
[WhiteFideId "4140419"]
[BlackFideId "13302485"]
[EventDate "2019.12.29"]

1. c4 e5 2. e3 Nf6 3. Nc3 Bb4 4. Nge2 c6 5. a3 Ba5 6. b4 Bc7 7. d4 d6 8. Bb2 O-O
9. Ng3 Re8 10. Be2 a5 11. b5 exd4 12. Qxd4 Nbd7 13. O-O Nc5 14. Rad1 Qe7 15. Bf3
Bd7 16. a4 Qf8 17. h3 Rad8 18. Qh4 Rc8 19. Ba1 Bd8 20. Qd4 Nb3 21. Qxd6 Nxa1 22.
Qxf8+ Kxf8 23. Rxa1 Bc7 24. Nge2 Be5 25. Rac1 Be6 26. Ne4 Nxe4 27. Bxe4 Red8 28.
f4 Bf6 29. f5 Bd7 30. Kf2 Be8 31. Rfd1 Rxd1 32. Rxd1 cxb5 33. cxb5 Rc4 34. Bxb7
Rxa4 35. Bc6 Bxc6 36. bxc6 Rc4 37. Rc1 Rxc1 38. Nxc1 Ke7 39. Nb3 a4 40. Nc5 Kd6
41. c7 Kxc7 42. Nxa4 Kc6 43. Kf3 Kb5 44. Ke4 Kxa4 45. Kd5 Kb5 46. e4 Bh4 47. e5
Kb6 48. Kd6 Bg3 49. Ke7 Bxe5 50. Kxf7 Kc6 51. g4 Kd5 52. g5 Ke4 53. f6 gxf6 54.
gxf6 Kf5 55. Kg7 h5 56. Kh6 h4 57. f7 Bd6 58. Kh5 Be7 59. f8=Q+ Bxf8 60. Kxh4
Ke5 1/2-1/2

[Event "Mondiale Lampo FIDE 2019"]
[Site "Mosca"]
[Date "30.12.2019"]
[Round "14.51"]
[White "Harsha, Bharathakoti"]
[Black "Cheparinov, Ivan"]
[Result "1-0"]
[WhiteTitle "GM"]
[BlackTitle "GM"]
[WhiteElo "2523"]
[BlackElo "2687"]
[WhiteFideId "5078776"]
[BlackFideId "2905540"]
[EventDate "2019.12.29"]

1. f4 d5 2. Nf3 Bg4 3. e3 e6 4. d4 Nf6 5. Bd3 c5 6. c3 Nc6 7. O-O Bxf3 8. Qxf3
Bd6 9. Nd2 Qc7 10. a4 h5 11. Qg3 g6 12. Nf3 Ne7 13. Ne5 Nf5 14. Qf3 a6 15. Bd2
h4 16. a5 Kf8 17. b3 Kg7 18. Rfc1 Rac8 19. Be1 Qe7 20. Rd1 Bb8 21. Ra2 Nd6 22.
dxc5 Nde4 23. b4 Rh5 24. Ng4 Nxg4 25. Qxg4 f5 26. Qf3 Kh6 27. c4 g5 28. cxd5
exd5 29. fxg5+ Qxg5 30. Bxe4 fxe4 31. Qh3 Rf8 32. Rf2 Rxf2 33. Bxf2 Qf5 34. Qxf5
Rxf5 35. Bxh4 Be5 36. Bg3 Bc3 37. Be1 Bg7 38. Rc1 d4 39. Bd2 d3 40. Rc4 Re5 41.
Kf2 Kg6 42. g4 Re8 43. h4 Bf6 44. Kg3 Be5+ 45. Kg2 Bf6 46. Kh3 Bb2 47. c6 bxc6
48. Rxc6+ Kh7 49. Rc4 Rf8 50. Kg2 Kg6 51. Rxe4 Rc8 52. Kf2 Rc2 53. Ke1 Bf6 54.
g5 Bg7 55. Re6+ Kh5 56. Rd6 Kxh4 57. Rxd3 Kxg5 58. Rd6 Kf5 59. Rxa6 Ke4 60. Rd6
Be5 61. Rd7 Ra2 62. b5 Kf3 63. Kd1 Ke4 64. a6 Rb2 65. a7 1-0

[Event "Mondiale Lampo FIDE 2019"]
[Site "Mosca"]
[Date "30.12.2019"]
[Round "14.52"]
[White "Riazantsev, Alexander"]
[Black "Pigusov, Evgeny"]
[Result "0-1"]
[WhiteTitle "GM"]
[BlackTitle "GM"]
[WhiteElo "2639"]
[BlackElo "2555"]
[WhiteFideId "4125029"]
[BlackFideId "4100514"]
[EventDate "2019.12.29"]

1. d4 Nf6 2. c4 c5 3. d5 e6 4. Nc3 exd5 5. cxd5 d6 6. Nf3 g6 7. Bf4 Nh5 8. Bg5
Be7 9. Bh6 Bf8 10. Bxf8 Kxf8 11. e3 a6 12. Be2 Bg4 13. Nd2 Bxe2 14. Qxe2 b5 15.
a4 b4 16. Nce4 Nf6 17. O-O Kg7 18. Nxf6 Qxf6 19. Nc4 Nd7 20. f4 Rhe8 21. Qd3 Qe7
22. b3 f5 23. a5 Nf6 24. Rae1 Ne4 25. h3 Ra7 26. Kh2 Qh4 27. Qd1 h5 28. Qf3 Qf6
29. g3 Qc3 30. Qd1 Qf6 31. Qc2 Qc3 32. Rc1 Qf6 33. Rg1 Rae7 34. Qe2 Nc3 35. Qf3
Ne4 36. Rg2 Rh8 37. Kg1 Kf8 38. Qe2 Ra7 39. Qd3 Rhh7 40. Nb6 Ke8 41. Nc4 Kd7 42.
Qe2 Kc8 43. Kh2 Kb8 44. Qb2 Qxb2 45. Rxb2 Rae7 46. Kg2 Kc7 47. Kf3 Re8 48. Rh1
Reh8 49. Rg2 Kd7 50. Nb6+ Ke7 51. Nc4 Kf6 52. Rhg1 Ke7 53. Ke2 Nf6 54. Kd3 Kd7
55. Nb6+ Kc7 56. Re1 Re8 57. Ke2 Rhe7 58. Kf3 Rh7 59. Rd1 Ne4 60. Nc4 Nf6 61.
Nb6 Ne4 62. Rgg1 Nf6 63. Nc4 Ree7 64. Rd3 Re8 65. Ke2 Ree7 66. Kd2 Re8 67. Kc2
Ree7 68. Nd2 Rh8 69. Nc4 Rhe8 70. Kd2 Ne4+ 71. Ke2 Nf6 72. Kf3 Kd7 73. Re1 Kc7
74. Kg2 Kd7 75. Nd2 Kc7 76. Nf3 Ne4 77. Nh4 Rg8 78. Nf3 Rge8 79. Re2 Nc3 80. Re1
Ne4 81. Nh4 Rg8 82. Rdd1 Nc3 83. Rd2 Ne4 84. Rd3 Kd7 85. Nf3 Rge8 86. Nh4 Rg8
87. Nf3 Rge8 88. Nh2 c4 89. bxc4 Nc5 90. Rd2 Rxe3 91. Rxe3 Rxe3 92. Nf3 Ra3 93.
Nh4 Rxa5 94. Nxg6 b3 95. Kf3 Ra2 96. Rd1 b2 97. Rb1 Na4 0-1

[Event "Mondiale Lampo FIDE 2019"]
[Site "Mosca"]
[Date "30.12.2019"]
[Round "14.53"]
[White "Frolyanov, Dmitry"]
[Black "Alonso Rosell, Alvar"]
[Result "1-0"]
[WhiteTitle "GM"]
[BlackTitle "GM"]
[WhiteElo "2556"]
[BlackElo "2548"]
[WhiteFideId "4151976"]
[BlackFideId "2270544"]
[EventDate "2019.12.29"]

1. e4 c5 2. Nf3 d6 3. d4 cxd4 4. Nxd4 Nf6 5. Nc3 a6 6. Be3 e6 7. Be2 b5 8. Bf3
e5 9. Nf5 g6 10. Nh6 Be6 11. O-O Nbd7 12. a4 b4 13. Nd5 Bxd5 14. exd5 a5 15. Be2
Bg7 16. Bb5 Kf8 17. Kh1 Rc8 18. Bg5 Qc7 19. f4 Ne4 20. Qg4 Ndf6 21. Qh4 Qxc2 22.
fxe5 Nxg5 23. exf6 Bxf6 24. Qxg5 Qxb2 25. Rae1 Kg7 26. Nf5+ Kf8 27. Qh6+ Kg8 28.
Nxd6 Rf8 29. Ne8 Bc3 30. d6 Bxe1 31. Nf6+ Qxf6 32. Rxf6 Bc3 33. Rf1 Bg7 34. Qf4
h5 35. Bc4 Bc3 36. Bxf7+ Kg7 37. d7 h4 38. h3 Rh5 39. Qg4 Bf6 40. Qxg6+ 1-0

[Event "Mondiale Lampo FIDE 2019"]
[Site "Mosca"]
[Date "30.12.2019"]
[Round "14.54"]
[White "Bocharov, Dmitry"]
[Black "Aravindh, Chithambaram VR."]
[Result "0-1"]
[WhiteTitle "GM"]
[BlackTitle "GM"]
[WhiteElo "2524"]
[BlackElo "2605"]
[WhiteFideId "4138716"]
[BlackFideId "5072786"]
[EventDate "2019.12.29"]

1. c4 c5 2. g3 g6 3. Bg2 Bg7 4. Nc3 Nc6 5. d3 e6 6. Bxc6 dxc6 7. Qd2 e5 8. b3
Ne7 9. Bb2 O-O 10. f4 Nf5 11. Nf3 exf4 12. gxf4 Nd4 13. O-O Re8 14. Rf2 Bg4 15.
Ne1 Nxe2+ 16. Nxe2 Bxb2 17. Qxb2 Rxe2 18. Rxe2 Bxe2 19. Rc1 Qe7 20. Qe5 Qxe5 21.
fxe5 Re8 22. a3 a5 23. Rb1 Rxe5 24. b4 cxb4 25. axb4 a4 26. c5 Bg4 27. Ra1 Be6
28. Nf3 Re3 29. Ng5 Bb3 30. Kf2 Rxd3 31. Ne4 Rd4 32. Ke3 Rxb4 33. Nd6 b6 34.
cxb6 Rxb6 35. Kd4 Rb4+ 36. Kc5 Rh4 37. Rd1 Bxd1 0-1

[Event "Mondiale Lampo FIDE 2019"]
[Site "Mosca"]
[Date "30.12.2019"]
[Round "14.55"]
[White "Murzin, Volodar"]
[Black "Jumabayev, Rinat"]
[Result "1/2-1/2"]
[WhiteTitle "IM"]
[BlackTitle "GM"]
[WhiteElo "2442"]
[BlackElo "2646"]
[WhiteFideId "44155573"]
[BlackFideId "13702661"]
[EventDate "2019.12.29"]

1. e4 e6 2. d3 c5 3. Nd2 d5 4. Ngf3 Nc6 5. g3 Bd6 6. Bg2 Nge7 7. O-O O-O 8. Re1
f6 9. c3 Bc7 10. a4 e5 11. d4 cxd4 12. cxd4 dxe4 13. Nxe4 exd4 14. Bd2 a5 15.
Nc5 Kh8 16. Rc1 Bd6 17. Qb3 Bxc5 18. Rxc5 Ra6 19. Rb5 Ng6 20. h4 Nge5 21. h5
Nxf3+ 22. Qxf3 h6 23. Bf4 Re8 24. Qd1 Rxe1+ 25. Qxe1 d3 26. Rd5 Qf8 27. Rxd3 Nb4
28. Re3 Bd7 29. Qd1 Bc6 30. Bxc6 Rxc6 31. Qe2 Rc8 32. Qb5 Qf7 33. Qxa5 Nd5 34.
Re4 Qxh5 35. Qd2 Qf5 36. Rd4 Nxf4 37. Qxf4 Qb1+ 38. Kg2 Qxb2 39. Rd7 Qb6 40. Kh2
Qc6 41. Qd4 Re8 42. a5 Re1 43. Rd8+ Kh7 44. Qd3+ Qe4 45. Qxe4+ Rxe4 46. Rd7 Ra4
47. Rxb7 Rxa5 48. Kg2 h5 49. Rb4 g5 50. Rb3 Kg6 51. Rb2 Ra4 52. Rc2 Rd4 53. Rb2
Kf5 54. Rb5+ Ke6 55. Rb6+ Rd6 56. Rb2 Rd5 57. Rc2 Kf5 58. Ra2 Rd4 59. Ra5+ Kg6
60. Ra2 h4 61. gxh4 Rxh4 62. Rb2 Kh5 63. Rb8 Rf4 64. Rb2 Kg4 65. Ra2 f5 66. Ra3
Rd4 67. Rg3+ Kh5 68. Ra3 f4 69. f3 Rd2+ 70. Kh3 Re2 71. Ra6 Rf2 72. Ra3 Re2 73.
Ra6 Re3 74. Kg2 Rc3 75. Rb6 Ra3 76. Rc6 Ra2+ 77. Kh3 Rf2 78. Rc3 Kg6 79. Rc6+
Kf5 80. Rc5+ Kf6 81. Rc3 Ke5 82. Rc5+ Kf6 83. Rc6+ Ke5 84. Rc5+ Kd4 85. Rxg5 Ke3
86. Ra5 Rxf3+ 87. Kg2 Rf2+ 88. Kg1 Rd2 89. Ra3+ Ke4 90. Kf1 Kf5 91. Rb3 Kg4 92.
Ra3 Rh2 93. Rb3 Rh6 94. Ra3 Re6 95. Kf2 Rc6 96. Rb3 Rc2+ 97. Kf1 Kf5 98. Ra3 Ke4
99. Rb3 Rd2 100. Ra3 Rd5 101. Rb3 Rd3 102. Rxd3 1/2-1/2

[Event "Mondiale Lampo FIDE 2019"]
[Site "Mosca"]
[Date "30.12.2019"]
[Round "14.56"]
[White "Yuffa, Daniil"]
[Black "Sadhwani, Raunak"]
[Result "0-1"]
[WhiteTitle "GM"]
[BlackTitle "IM"]
[WhiteElo "2566"]
[BlackElo "2507"]
[WhiteFideId "24131423"]
[BlackFideId "35093487"]
[EventDate "2019.12.29"]

1. d4 Nf6 2. c4 Nc6 3. Nf3 e6 4. g3 Bb4+ 5. Bd2 Qe7 6. Nc3 Bxc3 7. Bxc3 Ne4 8.
Rc1 d6 9. Bg2 a5 10. O-O Nxc3 11. Rxc3 e5 12. d5 Nb8 13. c5 O-O 14. Qc2 Na6 15.
cxd6 cxd6 16. a3 Bd7 17. Nd2 a4 18. Nc4 Rac8 19. Nb6 Rxc3 20. Qxc3 Nc5 21. Rc1
Bb5 22. Rc2 Qd8 23. Qa5 Ba6 24. Qb4 Qe8 25. e3 f5 26. Rxc5 dxc5 27. Qxc5 Qb5 28.
Qxb5 Bxb5 29. Bf1 Bxf1 30. Kxf1 Rd8 31. Ke2 Rd6 32. Nc8 Rd7 33. Nb6 Rd6 34. Nc8
Rd8 35. Nb6 Kf7 36. Kd3 Rd6 37. Nxa4 Rxd5+ 38. Kc2 Ke6 39. b4 Ke7 40. Nc3 Rd6
41. h4 Kd7 42. a4 Kc6 43. Nb5 Rd7 44. Nc3 g6 45. e4 Rd4 46. b5+ Kc5 47. a5 Kb4
48. a6 bxa6 49. b6 Kc5 50. Nd5 Rxd5 51. exd5 Kxb6 52. Kc3 Kc5 53. d6 Kxd6 0-1